000 00314nam a2200109Ia 4500
008 171211s9999 xx 000 0 und d
245 _aSpeaking of the Moor: From "Alcazar" to "Othello"
245 _cEmily C. Bartels
260 _c2008
650 _xCULTURE
856 _uhttp://down.ebook777.com/063/0812240766.pdf
999 _c347793
_d347793